000 005130000a22001930004500
003 LK-CoMWRAF
005 20231001202646.0
008 230817t ||||| |||| 00| 0 eng d
020 _a0907461301
040 _aLK-CoMWRAF
_dLK-CoMWRAF
_eLK-CoMWRAF
041 _aeng
082 _a297
_bDOI
100 _aDoi, 'Abdur Rahman I
245 _aNon Muslims under Shari'ah :
_b[Islamic Law]
260 _aLondon :
_bTa-Ha,
_c1983
300 _a148p. : ill.
650 _aNon-muslims Rights Islamic law
942 _cBK
999 _c1044
_d1044